| 000 | 00440nam a2200157 i 4500 | ||
|---|---|---|---|
| 001 | 31949 | ||
| 003 | ES-MaACL | ||
| 005 | 20230906154459.0 | ||
| 007 | t| | ||
| 008 | 030130s1966 sp ||||1| spa d | ||
| 100 | 1 |
_aBernárdez Cantón, A. _928273 |
|
| 245 | 1 | 0 |
_aCurso de derecho matrimonial canónico / _cA. Bernárdez Cantón. |
| 260 |
_aMadrid : _bTecnos, _c1966. |
||
| 300 |
_a492 p. ; _c21 cm. |
||
| 852 |
_aES-MaACL _jC-29215 _bR.59647 |
||
| 999 |
_c31949 _d31949 |
||